ANTI-INDIVIDUALISM, MATERIALISM, NATURALISM

Bibliographic Details
Main Author: Hříbek, Tomáš (Author)
Format: Article
Language:English

MARC

LEADER 00000nab a2200000 a 4500
001 vtls011113232
003 SK-MaSNL
005 20260303150641.0
008 230222|2007 xo |||||||||||||||||eng|
015 |a SNBRB 
035 |a (uuid)81c20b30-bc5a-4176-8776-bd72afdf2f5e 
035 |a (urnnbn)urn:nbn:sk:snk:ar-a08hj8 
035 |a urn:nbn:sk:snk-ab9jwd 
040 |a SNKBUCL  |b slo  |c SNKBUCL  |e AACR2 
041 0 |a eng 
044 |a xo  |c SK 
100 1 |a Hříbek, Tomáš  |4 aut  |9 329616 
245 1 0 |a ANTI-INDIVIDUALISM, MATERIALISM, NATURALISM  |c Tomáš Hříbek 
773 0 |t Organon F : filozofický časopis  |g Roč. 14, č. 3 (2007), s. [283]-302 
958 |a OND 
958 |a EUIPO 
958 |a article13 
999 |c 2012339  |d 2014269